Ternary Alloys : A Comprehensive Compendium of Evaluated Constitutional Data and Phase Diagrams. Volume 4. Al-Cd-Ce to Al-Cu-Ru
Salvato in:
| Natura: | Libro |
|---|---|
| Lingua: | inglese |
| Pubblicazione: |
Weinheim :
VCH,
1991
|
| Soggetti: | |
| Tags: |
Nessun Tag, puoi essere il primo ad aggiungerne!!
|
MARC
| LEADER | 00000nam a22000003a 4500 | ||
|---|---|---|---|
| 001 | stu44487 | ||
| 005 | 20150408180430.6 | ||
| 008 | 950407s1991----gw------------------eng-d | ||
| 020 | |a 3-527-27889-3 | ||
| 040 | |a STU |b slo | ||
| 041 | 0 | |a eng | |
| 044 | |a gw | ||
| 080 | |a 669.713 |7 A000005507 | ||
| 245 | |a Ternary Alloys : |b A Comprehensive Compendium of Evaluated Constitutional Data and Phase Diagrams. Volume 4. Al-Cd-Ce to Al-Cu-Ru | ||
| 260 | |a Weinheim : |b VCH, |c 1991 | ||
| 300 | |a 652 s | ||
| 650 | 7 | |a hliník |2 stusub | |
| 650 | 7 | |a zliatiny |2 stusub | |
| 996 | |b 284M038436 |c M*9062/4-1 |l MMST |s P |a 0 |w stu44487_0001 | ||